00381nam a22001337a 450000500170000000800410001704100250005808200140008310000250009724500620012226000090018430000280019365000260022120231121130140.0231121b |||||||| |||| 00| 0 eng d aEnglish / Afrikaans  a342.8 PRA lEnglish / Afrikaans  aPractising Law Under a Bill of Rights :cD Davies et al.  c1995 b285 pages ; c30,3 cm.  aLegal practice bLaw